000
00209 a2200097 4500
001
18833
100
_a
245
_a
Cost & optimization engineering
260
_a
_b
Mc Graw Hill
_c
1970
090
_c
13952
_d
13952
942
_a
NUST-CAE
_c
M
_c
4394
999
_c
253906
_d
253906